Дело о запрещении сдавать в наем студентам Дерптского университета целые здания

Доступно только в Электронных читальных залах Найти на картеНа карте
RUSMARC
00004254nmc2a2200000 x 450
00122388102-45ac-475c-92a1-d6c7b819989c
00520170113144739.0
100##$a20140512l18261826k l0rusy0189 ca
1010#$arus
102##$aRU
2001#$aДело о запрещении сдавать в наем студентам Дерптского университета целые здания
$j20 сентября - 16 октября 1826 г.
251##$cДело
300##$aДело
300##$aОриг. заголовок дела: Дело по представлению попечителя Дерптского учебного округа, о запрещении отдавать в наем студентам Дерптского университета целые дома. 20 сентября 1826 г. - 16 октября 1826 г
801#0$aRU
$bРГИА
$c20140512
$gRCR
801#1$aRU
$bГлавНИВЦ
$c20140512
$2rusmarc
801#2$aRU
$bПБ им. Б.Н. Ельцина
$c20170113
$gRCR
$2rusmarc
850##$aРГИА
852##$aРГИА
$eФедеральное казенное учреждение "Российский государственный исторический архив" (РГИА)
$j414
937##$hРГИА
$d11175045
$aASBIBLIO_SCAN
462#0$10015faafd89-1df2-4e8f-a0ba-1d8a620713c6
$12001
$aДела Департамента народного просвещения по Дерптскому учебному округу за 1802-1836 гг.
$1251
$cОпись
$1852
$j56
461#0$1001a74412a3-3cc5-4d21-8f0a-dfe2fbd9e72d
$12001
$aДепартамент народного просвещения Министерства народного просвещения (1803-1917)
$1251
$cФонд
$1852
$j733
215##$a8 л.
$d36,5х26 см
371##$aДокумент не является опубликованным и широко распространяемым
105##$aу###
1222#$ad
5171#$aДело по представлению попечителя Дерптского учебного округа, о запрещении отдавать в наем студентам Дерптского университета целые дома. 20 сентября 1826 г. - 16 октября 1826 г.
035##$a22388102-45ac-475c-92a1-d6c7b819989c
856##$uhttp://readingroom.main.prlib.ru/item.aspx?id_node=n94259176&mode=full
Формат отображения